000 00249nam a2200121Ia 4500
100 _aSyck/ Garg
942 _cBK
654 _aWindows
245 _aObject windows how to.
260 _bGalgotia
_aNew Delhi
_c1993
546 _aENGLISH
999 _c33442
_d33442